[Event "Grunwald Cup 37 blind"]
[Site "Dadaj"]
[Date "2012.09.18"]
[Round "3"]
[White "Krol, Mariusz"]
[Black "Staruch, Roman"]
[Result "1-0"]
[WhiteElo "2024"]
[BlackElo "1945"]
[PlyCount "144"]
[EventDate "2012.09.16"]
[EventType "swiss"]
[EventRounds "9"]
[EventCountry "POL"]
[SourceTitle "CBM 150 Extra"]
[Source "ChessBase"]
[SourceDate "2012.10.19"]
[SourceVersion "1"]
[SourceVersionDate "2012.10.19"]
[SourceQuality "1"]

1. d4 Nf6 2. c4 e6 3. Nc3 d5 4. Bf4 Nh5 5. Be5 dxc4 6. e3 Nf6 7. Bxc4 Nbd7 8. Bg3 Nb6 9. Bb3 Bb4 10. Bh4 Be7 11. Nf3 0-0 12. 0-0 Nbd5 13. Qd3 Nxc3 14. bxc3 Nd5 15. Bc2 g6 16. Bg3 c6 17. e4 Nf6 18. Bf4 Qa5 19. h3 b6 20. Rfd1 Bb7 21. Bd2 Rfd8 22. e5 Ne8 23. Qe3 Qa3 24. h4 Ng7 25. Qh6 Nf5 26. Bxf5 exf5 27. Ng5 Bxg5 28. Bxg5 Qf8 29. Qxf8+ Rxf8 30. Bf6 Rfc8 31. c4 Kf8 32. Rd3 Ke8 33. h5 Ba6 34. Rc1 b5 35. c5 b4 36. Rh3 Kd7 37. hxg6 hxg6 38. f3 Rab8 39. g4 fxg4 40. fxg4 Be2 41. Rg3 a5 42. Kf2 Ba6 43. Rf3 a4 44. Bg5 b3 45. Rxf7+ Ke6 46. Rf6+ Kd5 47. Rd6+ Ke4 48. axb3 axb3 49. Re1+ Kd3 50. Bc1 b2 51. Bxb2 Rxb2+ 52. Kg3 g5 53. e6 Re2 54. Rxe2 Kxe2 55. e7 Re8 56. Rxc6 Bd3 57. Re6+ Kd2 58. d5 Bc4 59. Re5 Bb5 60. d6 Kd3 61. Rxg5 Bd7 62. c6 Bxc6 63. d7 Bxd7 64. Rd5+ Ke4 65. Rxd7 Ke5 66. Kh4 Ke6 67. Ra7 Rxe7 68. Rxe7+ Kxe7 69. Kg5 Kf7 70. Kh6 Kg8 71. Kg6 Kh8 72. Kf7 Kh7 1-0

[Event "POL-chT blind Gp-B"]
[Site "Mielno"]
[Date "2011.04.01"]
[Round "9.7"]
[White "Myszka, Zygmunt"]
[Black "Krol, Mariusz"]
[Result "0-1"]
[WhiteElo "1944"]
[BlackElo "2024"]
[PlyCount "122"]
[EventDate "2011.03.27"]
[EventType "team-tourn"]
[EventRounds "10"]
[EventCountry "POL"]
[SourceTitle "EXT 2019"]
[Source "ChessBase"]
[SourceDate "2018.10.10"]
[SourceVersion "1"]
[SourceVersionDate "2018.10.10"]
[SourceQuality "1"]

1. e4 c6 2. d4 d5 3. Nd2 dxe4 4. Nxe4 Bf5 5. Ng3 Bg6 6. h4 h6 7. h5 Bh7 8. Nf3 e6 9. Bd3 Bxd3 10. Qxd3 Bd6 11. Ne4 Bc7 12. Be3 Nf6 13. Nxf6+ Qxf6 14. 0-0-0 Nd7 15. Qa3 a5 16. Kb1 Nb6 17. Rh3 Qf5 18. Qd3 Qd5 19. g4 Nc4 20. Bc1 b5 21. Nd2 Bf4 22. Qf3 Nxd2+ 23. Bxd2 Qxf3 24. Rxf3 Bxd2 25. Rxd2 Rd8 26. Rfd3 Rd5 27. f4 Ke7 28. Kc1 Rhd8 29. Kd1 f5 30. g5 hxg5 31. fxg5 f4 32. h6 g6 33. Rh2 Rf5 34. Ke2 Rdd5 35. h7 Rf8 36. Kf3 Rdf5 37. Ke4 f3 38. h8Q Rf4+ 39. Ke3 Rxh8 40. Rf2 Rf5 41. Rxf3 Rxg5 42. Rd2 Rf5 43. Rg3 Kf6 44. Rdg2 g5 45. c3 Re8 46. b3 e5 47. dxe5+ Rexe5+ 48. Kd3 Rf4 49. Rh2 Rh4 50. Rxh4 gxh4 51. Rg4 Rh5 52. Rg1 h3 53. Ke4 h2 54. Rh1 Rh3 55. Kf4 Ke6 56. Ke4 Rh4+ 57. Ke3 Kd5 58. Kf3 Kc5 59. Kg3 Rh7 60. Kf3 b4 61. c4 Kd4 0-1

[Event "POL-chT blind"]
[Site "Mielno"]
[Date "2010.03.23"]
[Round "4.12"]
[White "Krol, Mariusz"]
[Black "Hodowany, Wojciech"]
[Result "1-0"]
[WhiteElo "2009"]
[BlackElo "1798"]
[PlyCount "37"]
[EventDate "2010.03.21"]
[EventType "team-tourn"]
[EventRounds "10"]
[EventCountry "POL"]
[SourceTitle "EXT 2011"]
[Source "ChessBase"]
[SourceDate "2010.11.26"]
[SourceVersion "1"]
[SourceVersionDate "2010.11.26"]
[SourceQuality "1"]

1. f4 Nf6 2. Nf3 e6 3. e3 d5 4. b3 Be7 5. Bb2 0-0 6. Nc3 Bd7 7. Ne2 Ne4 8. d3 Bf6 9. Ne5 Nd6 10. Ng3 c5 11. Nh5 Bxe5 12. Bxe5 Nf5 13. Qg4 f6 14. Bxb8 Rxb8 15. e4 g6 16. exf5 exf5 17. Qf3 Re8+ 18. Kd2 gxh5 19. Qxd5+ 1-0

[Event "Grunwald Cup 22nd blind"]
[Site "Dadaj"]
[Date "2007.09.24"]
[Round "1"]
[White "Krol, Mariusz"]
[Black "Stankiewicz, Edward"]
[Result "1/2-1/2"]
[WhiteElo "2040"]
[BlackElo "1883"]
[PlyCount "44"]
[EventDate "2007.09.24"]
[EventType "swiss"]
[EventRounds "9"]
[EventCountry "POL"]
[SourceTitle "EXT 2009"]
[Source "ChessBase"]
[SourceDate "2008.11.26"]
[SourceVersion "1"]
[SourceVersionDate "2008.11.26"]
[SourceQuality "1"]

1. d4 Nf6 2. c4 g6 3. Nc3 Bg7 4. Nf3 d6 5. e4 0-0 6. Bd3 Nc6 7. a3 e5 8. d5 Ne7 9. 0-0 Nh5 10. h3 Nf6 11. Be3 Ne8 12. Nd2 f5 13. exf5 gxf5 14. Bg5 Nf6 15. f4 e4 16. Bc2 h6 17. Bh4 Ng6 18. Bxf6 Qxf6 19. Nb3 Qh4 20. Qd2 Bd7 21. Rae1 a5 22. a4 Kh7 1/2-1/2

[Event "POL-chT blind B"]
[Site "Jarnoltowek"]
[Date "2007.03.19"]
[Round "4.1"]
[White "Rutkiewicz, Janusz"]
[Black "Krol, Mariusz"]
[Result "0-1"]
[WhiteElo "1709"]
[BlackElo "2027"]
[PlyCount "76"]
[EventDate "2007.03.17"]
[EventType "team"]
[EventRounds "10"]
[EventCountry "POL"]
[SourceTitle "EXT 2019"]
[Source "ChessBase"]
[SourceDate "2018.10.10"]
[SourceVersion "1"]
[SourceVersionDate "2018.10.10"]
[SourceQuality "1"]

1. Nf3 c6 2. d4 d5 3. c3 Bf5 4. h3 e6 5. Bf4 Bd6 6. Bxd6 Qxd6 7. Nbd2 Nd7 8. e3 Ngf6 9. Be2 0-0-0 10. Nb3 Ne4 11. Nh4 Bg6 12. Nxg6 hxg6 13. Nd2 f5 14. Qc2 Ndf6 15. Bf3 f4 16. Nxe4 dxe4 17. Bxe4 fxe3 18. Bxg6 exf2+ 19. Qxf2 Rdf8 20. Qe3 Nd5 21. Qe5 Qxe5+ 22. dxe5 Ne3 23. Be4 Rf4 24. Bf3 Nc2+ 25. Kf2 Nxa1 26. Rxa1 Rd8 27. Re1 Rd2+ 28. Ke3 Rxf3+ 29. Kxf3 Rxb2 30. Re2 Rxe2 31. Kxe2 Kd7 32. Kd3 Ke7 33. g4 g5 34. Kd4 b6 35. a4 Kd7 36. Kc4 Kc7 37. Kd4 c5+ 38. Kc4 Kc6 0-1

[Event "POL-ch blind 33rd"]
[Site "Zakopane"]
[Date "2004.06.05"]
[Round "10"]
[White "Kulpinski, Piotr"]
[Black "Krol, Mariusz"]
[Result "0-1"]
[WhiteElo "2054"]
[BlackElo "2000"]
[PlyCount "90"]
[EventDate "2004.05.29"]
[EventType "tourn"]
[EventRounds "13"]
[EventCountry "POL"]
[SourceTitle "EXT 2019"]
[Source "ChessBase"]
[SourceDate "2018.10.10"]
[SourceVersion "1"]
[SourceVersionDate "2018.10.10"]
[SourceQuality "1"]

1. d4 d5 2. c4 Nf6 3. Nc3 e6 4. cxd5 exd5 5. Bg5 Nbd7 6. Nxd5 Nxd5 7. Bxd8 Bb4+ 8. Qd2 Bxd2+ 9. Kxd2 Kxd8 10. e3 N7f6 11. f3 c6 12. Bc4 Be6 13. Ne2 Nf4 14. Bxe6 Nxe6 15. Rad1 Ke7 16. Rhe1 Rhd8 17. Kc2 c5 18. g4 cxd4 19. exd4 Nd5 20. Kb1 Kf8 21. h4 Rac8 22. g5 Rc7 23. Ng3 Ndf4 24. Re4 Rcd7 25. h5 Rxd4 26. Rdxd4 Rxd4 27. g6 hxg6 28. hxg6 Rxe4 29. Nxe4 Nxg6 30. Nd6 Ne5 31. Nxb7 Nxf3 32. b4 g5 33. Nd6 Ned4 34. Nc4 g4 35. Ne3 g3 36. a4 Ne1 37. Kb2 g2 38. Nxg2 Nxg2 39. Kc3 Ne6 40. b5 Ke7 41. a5 Kd6 42. Kc4 Ne3+ 43. Kd3 Nd5 44. Ke4 Ne7 45. Kf3 Nd4+ 0-1

[Event "POL-ch blind 33rd"]
[Site "Zakopane"]
[Date "2004.06.02"]
[Round "6"]
[White "Krol, Mariusz"]
[Black "Migala, Andrzej"]
[Result "0-1"]
[WhiteElo "2000"]
[BlackElo "2170"]
[PlyCount "60"]
[EventDate "2004.05.29"]
[EventType "tourn"]
[EventRounds "13"]
[EventCountry "POL"]
[SourceTitle "EXT 2019"]
[Source "ChessBase"]
[SourceDate "2018.10.10"]
[SourceVersion "1"]
[SourceVersionDate "2018.10.10"]
[SourceQuality "1"]

1. d4 Nf6 2. c4 e5 3. dxe5 Ng4 4. Nf3 Bc5 5. e3 Nc6 6. b3 0-0 7. Bb2 Re8 8. Be2 Ngxe5 9. 0-0 a5 10. a3 Nxf3+ 11. Bxf3 Ne5 12. Be4 Ra6 13. Nd2 Rh6 14. g3 d6 15. Nf3 Nxc4 16. Bxh7+ Rxh7 17. bxc4 Bg4 18. h4 Qd7 19. Re1 Qf5 20. Nd4 Qh5 21. f3 Bd7 22. Kf2 Qe5 23. Qd2 Rxh4 24. Rh1 Rxh1 25. Rxh1 f5 26. Rh5 Qe7 27. Qc3 Bxd4 28. Qxd4 Qe5 29. Qxe5 dxe5 30. Rg5 Kh7 0-1

[Event "POL-ch blind 33rd"]
[Site "Zakopane"]
[Date "2004.05.31"]
[Round "4"]
[White "Krol, Mariusz"]
[Black "Kowalczyk, Marian"]
[Result "0-1"]
[WhiteElo "2100"]
[BlackElo "2000"]
[PlyCount "102"]
[EventDate "2004.05.29"]
[EventType "tourn"]
[EventRounds "13"]
[EventCountry "POL"]
[SourceTitle "EXT 2019"]
[Source "ChessBase"]
[SourceDate "2018.10.10"]
[SourceVersion "1"]
[SourceVersionDate "2018.10.10"]
[SourceQuality "1"]

1. f4 d5 2. Nf3 g6 3. e3 Bg7 4. Nc3 Nf6 5. Be2 c5 6. 0-0 Nc6 7. d3 0-0 8. Qe1 Re8 9. e4 d4 10. Nd1 Nb4 11. Qd2 e6 12. a3 Nc6 13. Qe1 Nd7 14. Kh1 f5 15. e5 b5 16. Qg3 Bb7 17. h4 Nf8 18. h5 gxh5 19. Nh4 Re7 20. Bxh5 Kh8 21. Kh2 Bh6 22. Nf3 Rg7 23. Ng5 Nxe5 24. Re1 Bxg5 25. fxg5 Neg6 26. Bf3 Qb8 27. Nf2 Qxg3+ 28. Kxg3 e5 29. Bd2 Re8 30. Re2 Bxf3 31. gxf3 Ne6 32. Rae1 Nef4 33. Bxf4 exf4+ 34. Kh2 Rge7 35. Rxe7 Rxe7 36. Rxe7 Nxe7 37. Nh3 Nd5 38. Kg1 Kg7 39. Kf2 Kg6 40. Kg1 Kh5 41. Kh2 Kh4 42. Ng1 Kxg5 43. Ne2 a5 44. Kh3 b4 45. a4 Nb6 46. c3 dxc3 47. bxc3 Nxa4 48. cxb4 cxb4 49. Nc1 Nb2 50. Kg2 Kh4 51. Kh2 Kg5 0-1